Propagácia Občianskeho združenia Podpoľanie bakalárska práca

Salvato in:
Dettagli Bibliografici
Autore principale: Vrťová, Dominika
Ente Autore: Obchodná fakulta EU. Katedra marketingu
Altri autori: Chomová, Katarína, 1983-
Natura: Libro
Lingua:slovacco
Pubblicazione: Bratislava 2014
Tags: Aggiungi Tag
Nessun Tag, puoi essere il primo ad aggiungerne!!

MARC

LEADER 00000nbm a2200000 4500
001 0188421
005 20170201102328.0
041 0 |a slo 
044 |a SK 
245 1 0 |a Propagácia Občianskeho združenia Podpoľanie  |b bakalárska práca  |c Dominika Vrťová ; školiteľ: Katarína Chomová 
264 1 |a Bratislava  |c 2014 
300 |a 46 s. 
100 1 |a Vrťová, Dominika 
700 1 |a Chomová, Katarína, 1983- 
710 2 |a Obchodná fakulta EU. Katedra marketingu